000 00310nam a2200133Ia 4500
005 20251222155210.0
008 251222s9999||||xx |||||||||||||| ||spa||
082 _aPED.29
100 _aMACIAS PARRA Merc.
245 0 _aVacunas en PediatrĂ­a
250 _a2da. ed.
264 _bInteramericana
942 _cLIB
999 _c40255
_d40255